000 00678nam a2200181 a 4500
008 081021s1979 ||||||||||||||||| || u
050 _aIBRD(08)
110 _aWorld Bank
245 1 0 _aInternational technology transfer: issues and policy options
_cPrepared by Frances Stewart
260 _aWashington D.C.
_bWorld Bank
_c1979
300 _axii, 116p. : illus.
350 _a0.00
362 1 _ano.344
490 _aWorld Bank Staff working paper
650 7 _aTECHNOLOGY
_2fast
650 _aTECHNOLOGY TRANSFER
995 _D0.00
_FCBU-MAIN LIBRARY (Kitwe)
_H1
_I0.00
_M1
_UAVAILABLE
_WOct 21, 2008
_ZInternational Publications
999 _c47487
_d47487